Human Resource Development : Theory and Practice (Record no. 870)
[ view plain ]
| 000 -LEADER | |
|---|---|
| Fixed length control field | 00458nam a2200169 4500 |
| 003 - CONTROL NUMBER IDENTIFIER | |
| Control field | SEACOMMC |
| 005 - DATE AND TIME OF LATEST TRANSACTION | |
| Control field | 20250426134946.0 |
| 008 - FIXED-LENGTH DATA ELEMENTS--GENERAL INFORMATION | |
| Fixed length control field | 241213b |||||||| |||| 00| 0 eng d |
| 020 ## - INTERNATIONAL STANDARD BOOK NUMBER / ISBN | |
| International Standard Book Number | 81-80520-94-3. |
| Price | Rs.295.00 |
| 040 ## - CATALOGING SOURCE | |
| Original cataloging agency | SEACOMMC |
| 082 ## - DEWEY DECIMAL CLASSIFICATION NUMBER | |
| Classification number | 658.3 |
| Book Number | D 286 |
| 100 ## - MAIN ENTRY--PERSONAL NAME | |
| Personal name | Deb,Tapomoy |
| 245 1# - TITLE STATEMENT | |
| Title | Human Resource Development : Theory and Practice |
| Statement of responsibility | Tapomoy Deb |
| 260 ## - IMPRINT | |
| Place of publication | Kolkata |
| Name of publisher | Ane Books |
| Date of publication | 2006 |
| 650 ## - SUBJECT ADDED ENTRY--TOPICAL TERM | |
| Topical term | Personal Management |
| 942 ## - ADDED ENTRY ELEMENTS (KOHA) | |
| Koha item type | Books |
| Withdrawn status | Lost status | Source of classification | Damaged status | Not for loan | Home library | Current library | Shelving location | Date acquired | Total Checkouts | Call number | Accession number | Date last seen | Price effective from | Koha item type | Copy number |
|---|---|---|---|---|---|---|---|---|---|---|---|---|---|---|---|
| Dewey Decimal Classification | SEACOM MANAGEMENT COLLEGE | SEACOM MANAGEMENT COLLEGE | Reference | 06/12/2007 | 658.3 D 286 | M-1178 | 13/12/2024 | 13/12/2024 | Books | ||||||
| Dewey Decimal Classification | SEACOM MANAGEMENT COLLEGE | SEACOM MANAGEMENT COLLEGE | 06/12/2007 | 658.3 D 286 | M-1179 | 13/12/2024 | 13/12/2024 | Books | 1 | ||||||
| Dewey Decimal Classification | SEACOM MANAGEMENT COLLEGE | SEACOM MANAGEMENT COLLEGE | 06/12/2007 | 658.3 D 286 | M-1180 | 13/12/2024 | 13/12/2024 | Books | 2 | ||||||
| Dewey Decimal Classification | SEACOM MANAGEMENT COLLEGE | SEACOM MANAGEMENT COLLEGE | 06/12/2007 | 658.3 D 286 | M-1181 | 13/12/2024 | 13/12/2024 | Books | 3 | ||||||
| Dewey Decimal Classification | SEACOM MANAGEMENT COLLEGE | SEACOM MANAGEMENT COLLEGE | 06/12/2007 | 658.3 D 286 | M-1182 | 13/12/2024 | 13/12/2024 | Books | 4 |
